00812nam a22001815i 4500001000700000003000900007005001700016008004100033100002900074245012500103260006500228300002100293530003500314650003900349650005600388852009700444856008900541161801ES-MaACL20230906212350.0950206s1898 sp |||| | spa d1 aPérez de Vargas, Luis.13aLa opinión y la marina : bCombate de Santiago / cpor el teniente de navío de 1ª clase Don Luis Pérez de Vargas. aEl Ferrol : b[s.n.], c1898 (fImp. de "El Correo Gallego") a27 p. ; c23 cm. aDisponible en formato digital. aBatalla de Santiago de Cuba, 1898. 4aGuerra hispano-americana, 1898-xCampañas-zCuba. aES-MaACLjT-849-F-12 z- Enc. hol., conservando cub. originalz- Enc. en un vol. facticio uhttp://bdh-rd.bne.es/viewer.vm?id=0000114077&page=1 zBiblioteca Digital Hispánica